Quizzes
Events
Quiz Creation
Community
Videos
Private Events
Remove Ads
Sign In
Join for FREE
Feedback
Dark Mode
Quiz Categories
Sports
Geography
Music
Movies
Television
Just For Fun
Miscellaneous
History
Literature
Language
Science
Gaming
Entertainment
Religion
Holiday
For Kids
Quiz Lab
Recent
Popular Today
Quiz Kudos Today
Editor Picks
Curator Picks
Quizzes by...
Day
Popularity
Type
Ratings
Length
Year
Community
Subscriptions
Recent Discussions
Orange Saloon
Badges
Playlists
Quests
Create
Leaderboards
Showdown
Live 5
Trivia Bingo
Activity
Puzzle Library
Sporcle Events
Private Events
Virtual Trivia
Globe League
Become a Host
Pub Owners
SporcleCon
Opinionation
Our Games
Videos
Blog
Mobile Apps
Partnerships
Remove Ads and Go Orange
Feedback
Sports
Athletes
MLB
NBA
NHL
NFL
Soccer
Sports Teams
WWE
NCAA
Football
Premier League
Basketball
Baseball
Hockey
Golf
Tennis
Cricket
Rugby
Auto Racing
Olympics
World Cup
Sports
Athletes
MLB
NBA
NHL
NFL
Soccer
Sports Teams
WWE
NCAA
Football
Premier League
Basketball
Baseball
Hockey
Golf
Tennis
Cricket
Rugby
Auto Racing
Olympics
World Cup
Random Quiz
Search Sporcle
×
Quiz Lab
Quiz Lab
Sports
Home Runs
Type in answers that appear in a list
Type in answers that appear in a list
Classic
Best Score? Go Orange.
Top 50 Homeruns Hitters of All Time Stats
Can you name the Top 50 Homeruns Hitters of All Time
By
Christian25
10m
50 Questions
288 Plays
288 Plays
288 Plays
Comments
Comments
Give Quiz Kudos
Give Quiz Kudos
-
- Ratings
hide this ad
More Info
Replay
Link that replays current quiz
Next Quiz
Link to next quiz in quiz playlist
You Got
0%
They Got
Avg Score
71%
Avg Friend Score
Upgrade to see
Score Distribution
Jump to the score distribution portion of the page
Score
0/50
Timer
10:00
0
Plays Today
Hint
Answer
% Correct
Barry Bonds
97.6%
Babe Ruth
97.2%
Hank Aaron
95.8%
Sammy Sosa
90.3%
Willie Mays
89.9%
Mark McGwire
89.2%
Albert Pujols
88.9%
Ken Griffey
87.5%
Mickey Mantle
87.5%
Ted Williams
86.8%
Billy Williams
85.8%
Alex Rodriguez
84.7%
Lou Gehrig
84.7%
Jim Thome
84.4%
Manny Ramirez
81.9%
Frank Thomas
80.9%
Frank Robinson
76.4%
Reggie Jackson
76.4%
Mike Schmidt
76%
Jimmie Foxx
76%
Harmon Killebrew
75.7%
David Ortiz
75.3%
Rafael Palmeiro
73.6%
Eddie Murray
72.6%
Chipper Jones
71.9%
Hint
Answer
% Correct
Mel Ott
71.5%
Andruw Jones
71.5%
Gary Sheffield
70.1%
Willie McCovey
69.8%
Ernie Banks
69.4%
Cal Ripken
69.1%
Stan Musial
67.4%
Jose Canseco
67%
Jeff Bagwell
65.6%
Willie Stargell
64.9%
Eddie Mathews
63.5%
Fred McGriff
62.2%
Carl Yastrzemski
60.8%
Juan Gonzalez
60.8%
Carlos Delgado
59%
MIke Piazza
59%
Vladimir Guerrero
56.9%
Adam Dunn
56.3%
Dave Winfield
55.6%
Paul Konerko
54.5%
Jason Giambi
52.8%
Andre Dawson
51.4%
Dave Kingman
45.5%
Darrell Evans
45.1%
Alfonso Soriano
31.9%
Quiz Playlist
Details
Report
Send in Message
Add To Playlist
More Info:
Make comment is you like this quiz or it has errors
Classic:
Type in answers that appear in a list
Last Updated: Feb 16, 2017
Quiz Scoreboard
CHALLENGE
Sign Up to Join the Scoreboard
Show All
Scores
Hide
Comments
May contain spoilers
Recently Published
Movies - When Are They Set?
by FPL_Elf
Movies
5m
Popular People in 1961
by mucciniale
History
6m
1-10 Letter E Words III
by El_Dandy
Language
2m
More to Explore
Quiz From the Vault
Featured Blog Post
Where Did the Easter Bunny Come From?
hide this ad
You Might Also Like...
Tags
Home Runs
MLB Player
Today's Top Quizzes in Sports
Browse Sports
hide this ad
Today's Top Quizzes in Home Runs
Browse Home Runs
Top Contributed Quizzes in Sports
1
Les meilleurs buteurs des matchs entre le PSG et l’OM
2
Les entraîneurs de l'OM et du PSG au 21e siècle
3
FIFA Club World Cup Champions
4
2022 World Cup Stars
5
Name the Premier League winners with different clubs
6
La finale Lions - Afrique du Sud 2021
7
Criteria MLB: Left Handed Sluggers
8
Players with Multiple 50 Home Run Seasons
9
MLB Players with Two .350 Batting Average Seasons
10
MLB Hall of Famer by Rings
Explore More
Trending Topics
Harry Potter
Anime
NBA
Crossword
Kpop
Disney
Marvel
Song
Country
Puzzle
Pokémon
Soccer
The Office
WWE
NFL
hide this ad
More By:
Christian25
Quiz
Plays
Rating
Category
Featured
Created
Top 50 Homeruns Hitters of All Time
288
1.33
Sports
Jun 21, 2014
Last 10 Presidents of United States
112
1.50
History
Jun 21, 2014
US World Cup Roster 2014
72
1.00
Sports
Jun 21, 2014
Top 10 Most Winningest Active Franchises MLB
66
1.67
Sports
Jun 21, 2014
Most popular Halloween Candy in 2013
52
Just For Fun
Jun 21, 2014
Go to Creator's Profile
Score Distribution
Quiz Creator Spotlight
Christian25
Follow
Send a Message
Quizzes Created
-
Created Quiz Play Count
-
More By This Creator
Popular Quizzes Today
1
Find the US States - No Outlines Minefield
2
Find the Countries of Europe - No Outlines Minefield
3
The Countries of the World
4
Popular People in 1961
5
1-10 Letter E Words III
6
US States
7
Find the US States
8
One Thing in Common: World Cities II
More Sports Quizzes
Disc Golf World Champions by Year
Quiz Lab
Trending Quizzes
Risky Map Clicking: Least Populous States A-Z
1-10 Letter F Words
Humor Books: The Subtitles
1-10 Letter G Words
One Thing in Common: United Kingdom
Recently Updated
Leaping Animals
pecheneg
Reality TV Shows (A-Z)
bhenderson79
Rickey Henderson's Hall of Fame Teammates
pecheneg
Champions League XIs: Arsenal
pecheneg
Quick Pick: Celebrities in WWE's Hall of Fame
aduchscher
A-Z Keypad Blitz II
pecheneg
Multiple Oscar Actors
pecheneg
Mystery Phrase Blitz: Oscar 'Best Actors'
pecheneg
F. Scott Fitzgerald Novels
LTH
Pick 3 Villains
ddd62291
Trending Topics
Disney
Harry Potter
Marvel
NBA
Anime
Kpop
Crossword
Puzzle
The Office
WWE
Song
Pokémon
Soccer
Country
NFL
Your Account Isn't Verified!
In order to create a playlist on Sporcle, you need to verify the email address you used during registration. Go to your
Sporcle Settings
to finish the process.
Report this User
Report this user for behavior that violates our
Community Guidelines
.
Details:
Send Report
Go to the Sporcle.com Mobile Site →
Comments